La ranita que quería ser reina / (Record no. 175351)

MARC details
000 -CABECERA
campo de control de longitud fija 00725nam a2200217 u 4500
005 - FECHA Y HORA DE LA ÚLTIMA TRANSACCIÓN
campo de control 20210223132618.0
008 - ELEMENTOS DE LONGITUD FIJA--INFORMACIÓN GENERAL
campo de control de longitud fija 150507s2011 ag r 000 0 spa d
020 ## - NÚMERO INTERNACIONAL NORMALIZADO PARA LIBROS
Número Internacional Estándar del Libro 9789876123365
035 ## - NÚMERO DE CONTROL DEL SISTEMA
Número de control de sistema UPN01000203250
049 ## - COLECCIÓN
Colección I
050 #4 - SIGNATURA TOPOGRÁFICA DE LA BIBLIOTECA DEL CONGRESO
Número de clasificación PZ86.3
Número de documento/Ítem P4.7
100 1# - ASIENTO PRINCIPAL--NOMBRE PERSONAL
Nombre de persona Pereira, Wilson,
Fechas asociadas al nombre 1949-
9 (RLIN) 37243
245 13 - MENCIÓN DE TÍTULO
Título La ranita que quería ser reina /
Mención de responsabilidad, etc. Wilson Pereira ; il. Cecilia Rébora ; tr. Lidia María Riba.
260 ## - PUBLICACIÓN, DISTRIBUCIÓN, ETC.
Lugar de publicación, distribución, etc. Buenos Aires :
Nombre del editor, distribuidor, etc. V&R,
Fecha de publicación, distribución, etc. 2011.
300 ## - DESCRIPCIÓN FÍSICA
Extensión 34 p. :
Otras características físicas principalmente il. col.
534 ## - NOTA SOBRE LA VERSIÓN ORIGINAL
Frase introductoria Título original:
Mención de título del original A räzinha que queria ser räinha
650 #4 - ASIENTO SECUNDARIO DE MATERIA - TERMINO TEMATICO
Término de materia o nombre geográfico como elemento de entrada RANAS -
Subdivisión de forma CUENTOS Y LEYENDAS
9 (RLIN) 12231
650 #4 - ASIENTO SECUNDARIO DE MATERIA - TERMINO TEMATICO
Término de materia o nombre geográfico como elemento de entrada LITERATURA INFANTIL BRASILEÑA
9 (RLIN) 11916
906 ## - ELEMENTOS DE DATOS F LOCAL, LDF (RLIN)
a Infantil
Holdings
Estado de retiro Estado de pérdida Fuente del sistema de clasificación o colocación Estado dañado No para préstamo Código de colección Localización permanente Ubicación/localización actual Ubicación en estantería Fecha de adquisición Total de préstamos Clasificación Código de barras Fecha visto por última vez Fecha del último préstamo Número de copia Tipo de ítem Koha
    Library of Congress Classification     Infantil Bib. Gregorio Torres Quintero Bib. Gregorio Torres Quintero Sala infantil Planta baja 13/02/2023 10 PZ86.3 P4.7 304157 22/02/2023 15/02/2023 1 Libro